000 00708nam a2200217 a 4500
001 BRCA_1332
005 20190320203358.0
008 980209s1996 mx-a---##b---#000-0#spa-#
020 _a9686932453 (v. 6)
040 _aDLC
_cDLC
_dDLC
050 4 _aF1226
_b.V39 1996
100 1 _aVázquez, Josefina Zoraida
_94357
245 1 0 _aLa patria independiente
_cJosefina Zoraida Vázquez ; coordinador de la obra Fausto Zerón-Medina.
260 _aMéxico
_bClío
_c1996
300 _a63 p.
_bil. (algunas a color)
_c32 cm.
440 0 _aLa antorcha encendida
_v6
_94358
504 _aBibliografía: p. 63
651 4 _aMéxico
_xHistoria
_y1821-1861
_9618
700 1 _aZerón-Medina, Fausto
_94359
942 _2lcc
_cB
999 _c1195
_d1195